Minecraft: Zombies by Picture - Statistics

General Stats
  • This quiz has been taken 26 times
    2 since last reset
  • The average score is 13 of 36
Answer Stats
Picture Answer % Correct
Baby Drowned
100%
Camel Husk
100%
Husk
100%
Zoglin
100%
Zombie Horse
100%
Zombie Villager
100%
Zombified Piglin
100%
Baby Husk
50%
Baby Zoglin
50%
Baby Zombie Villager
50%
Camel Husk Jockey
50%
Drowned
50%
Reverse Chicken Jockey
50%
Undead Rabbit
50%
Zombie (Legends)
50%
Zombie Nautilus
50%
Zombie Nautilus Jockey
50%
Zombified Baby Pig
50%
Baby Zombie
0%
Baby Zombie Pigman
0%
Baby Zombified Piglin
0%
Bouldering Zombie
0%
Chicken Jockey
0%
Chicken Jockey Tower
0%
Drowned Necromancer
0%
Frozen Zombie
0%
Grim Guardian
0%
Jungle Zombie
0%
Lobber Zombie
0%
Poisonous Potato Husk
0%
Poisonous Potato Zombie
0%
Prison Zombie
0%
Zombie
0%
Zombie Pigman
0%
Zombified Fungus Thrower
0%
Zombified Piglin Hunter
0%
No matching quizzes found
Score Distribution
Percent of People with Each Score
Percentile by Number Answered
Your Score History
You have not taken this quiz since the last reset